01388cam a22003973a 45000010008000000030009000080050017000170070008000340080040000420100006000820200015000880400025001030820024001281000033001522450084001852500012002692600031002813000035003124900022003475000033003695000022004025040019004245050171004436000009006146500018006236500031006416500028006727000034007008300022007349100037007569420012007939450027008059520116008329560025009489990017009730000714DO-SdBNP20171110113745.00000714861112 2009 sp ac 000 0 spa d a  a843443718x aBPMSUcspadBPMSUd  4a617.6bB298m, 20091 aBascones Martínez, Antonio10aMedicina bucal /cAntonio Bascones Martínez ; prólogo de Isaac van der Waal a3a. ed. aBarcelona :bLexus,c2009. a717 p. :bil., retratoc28 cm.0 aEdiciones avances aIncluye índice temático. aIncluye glosario. aBibliografía2 tPatología de la mucosa bucal --tPatología de los maxilares --tPatología de las glándulas salivales --tEnfermedades sistemáticas de repercusión bucal -- a x  4aODONTOLOGÍA 4aMUCOSA BUCALxENFERMEDADES 4aENFERMEDADES DE LA BOCA12aWaal, Isaac van der epról. 0aEdiciones avances aValidado. Control de calidad MFF 2ddccBK aInventariado, 2017/MFF 00102ddc40708CGaBPMETbBPMETd2016-10-11l0o617.6 B298m, 2009pBPMSU16100107r2016-10-11w2016-10-11yBK 2YLOCKWARD3108BPMSU c11537d11537